Adivinhe os Times Mineiros - Statistics

Estatísticas Gerais
  • Esse quiz foi jogado 141 vezes
    91 desde o último reset
  • A pontuação média é 33 de 96
Estatísticas das Respostas
Cidade Equipe % Correto
Belo Horizonte Atlético Mineiro
99%
Belo Horizonte Cruzeiro
97%
Belo Horizonte América Mineiro
93%
Teófilo Otoni América-TO
93%
Tombos Tombense
83%
São João del Rey Athletic Club
77%
Pouso Alegre Pouso Alegre
77%
Ipatinga Ipatinga
75%
Uberlândia Uberlândia
73%
Patrocínio Patrocinense
72%
Poços de Caldas Caldense
70%
Governador Valadares Democrata-GV
70%
Sete Lagoas Democrata-SL
70%
Betim Betim
69%
Nova Lima Villa Nova
69%
Araxá Araxá
66%
Itabirito Itabirito
66%
Juiz de Fora Tupi
63%
Patos de Minas URT
62%
Uberaba Uberaba
61%
Muriaé Nacional de Muriaé
58%
Uberaba Nacional de Uberaba
58%
Patos de Minas Nacional-PM
58%
Varginha Varginha
52%
Varginha Boa Esporte
49%
Belo Horizonte Coimbra
49%
Juiz de Fora Tupynambás
48%
Patos de Minas Mamoré
46%
Formiga Formiga
45%
Divinópolis Guarani
45%
Três Corações Alético Três Corações
44%
Araguari Araguari
44%
Paracatu Paracatu
42%
Ituiutaba Ituiutaba
41%
Montes Claros North FC
39%
Passos Passos
39%
Itaú Itaú
38%
Sabará Siderúrgica
38%
Ubá Aymorés
37%
Poços de Caldas Poços de Caldas
35%
Contagem Contagem
34%
Pirapora Pirapora
34%
Três Corações Tricordiano
32%
Itaúna Itaúna
31%
Unaí Unaí
31%
Itabira Valériodoce
30%
São Gotardo Inter SG
27%
Frutal Frutal
25%
Manhuaçu Boston City
24%
Caratinga Caratinga
23%
Montes Claros Funorte
23%
Machado Machado
23%
Andradas Rio Branco
23%
Nova Serrana Serranense
23%
Cel. Fabriciano Social
23%
Varginha Flamengo
21%
Sete Lagoas Minas Boca
21%
Santa Luzia União Luziense
21%
St. Rita do Sapucaí Santarritense
20%
Uberlândia CAP Uberlândia
18%
Curvelo Curvelo
18%
São João del Rey Figueirense
18%
Minas Novas Juventus Minasnovense
18%
Lavras Fabril
17%
Alfenas Alfenense
15%
Juiz de Fora Villa Real
15%
Corinto Corinto
14%
Itaúna Inter de Minas
14%
Ouro Branco Betis
13%
Passos Esportivo de Passos
13%
Araguari Fluminense-AR
13%
Belo Horizonte Fluminense-BH
13%
Ipatinga Novo Ipatinga
13%
Governador Valadares Valadares
13%
Belo Horizonte Yale
13%
Ipatinga Ideal
11%
Belo Horizonte Palmeiras BH
10%
Belo Horizonte Sete de Setembro
10%
Itajubá Yuracán
10%
Montes Claros Ateneu
8%
Juiz de Fora Manchester
8%
Juiz de Fora Sport Club Juiz de Fora
8%
Três Pontas Trêspontano
8%
Timóteo Acesita
7%
Barbacena Olympic
7%
Campo Belo Comercial
6%
Nova Lima Retiro
4%
Frutal 13 de Maio
3%
Araxá Caiçara
3%
Santos Dumont Mineiro
3%
Leopoldina Ribeiro Junqueira
3%
Uberlândia Unitri
3%
Sabará Alves Nogueira
1%
Montes Claros Cassimiro de Abreu
1%
Monte Carmelo Derminas
1%
Uberaba Independente
1%
Nenhum quiz correspondente encontrado
Distribuição das Pontuações
Porcentagem de Pessoas com Cada Pontuação
Percentil de Números Respondidos
Sua Pontuação Histórica
Você não jogou esse quiz desde o último reset